Four essays on writing economic history of colonial India / (Record no. 142806)

MARC details
000 -LEADER
fixed length control field 00825nam a22002537a 4500
005 - DATE AND TIME OF LATEST TRANSACTION
control field 20170724153744.0
010 ## - LCCN (DPL NO)
LC control number ENG-119324
020 ## - INTERNATIONAL STANDARD BOOK NUMBER
International Standard Book Number 9788180642012
Terms of availability 150.00
035 ## - SYSTEM CONTROL NUMBER
System control number EN-102856
037 ## - SOURCE OF ACQUISITION
Source of stock number/acquisition DBAD/PUB
082 ## - DEWEY DECIMAL CLASSIFICATION NUMBER
Classification number 510.24339
100 ## - MAIN ENTRY--PERSONAL NAME
Personal name Bhukta,Anindya
245 ## - TITLE STATEMENT
Title Four essays on writing economic history of colonial India /
Statement of responsibility, etc by Amiya Kumar Bagchi...[et...al] ; compiled by Jayanta Acharya, Subhasi Ghosh [and] Jenia Mukherjee
260 ## - PUBLICATION, DISTRIBUTION, ETC. (IMPRINT)
Place of publication, distribution, etc Kolkata
Name of publisher, distributor, etc Progressive Publishers
Date of publication, distribution, etc 2011
270 ## - ADDRESS
Address 37 A, College Street
City Kolkata
Postal code 73
300 ## - PHYSICAL DESCRIPTION
Extent 119p.
Dimensions 23cm(Hb)
700 ## - ADDED ENTRY--PERSONAL NAME
Personal name Wasbrook,David
700 ## - ADDED ENTRY--PERSONAL NAME
Personal name Maharatna,Arup
700 ## - ADDED ENTRY--PERSONAL NAME
Personal name Bandopadhyay,Arun
700 ## - ADDED ENTRY--PERSONAL NAME
Personal name Jayanta Acharya
700 ## - ADDED ENTRY--PERSONAL NAME
Personal name Ghosh,Subhasi
700 ## - ADDED ENTRY--PERSONAL NAME
Personal name Mukherjee,Jenia
942 ## - ADDED ENTRY ELEMENTS (KOHA)
Source of classification or shelving scheme Dewey Decimal Classification
Item type English Books
Call number suffix BAG
Classification part 330.954
Holdings
Withdrawn status Lost status Not for loan Collection code Home library Current library Date acquired Source of acquisition Cost, normal purchase price Full call number Barcode Copy number Cost, replacement price Koha item type
      Non-fiction Ashok Vihar Ashok Vihar 24/07/2017 DBAD/PUB 150.00 330.954 BAG EN-102856 1 150.00 English Books

© Delhi Public Library
Hit Counter
free hit counter